|
|
|
|
| LEADER |
04052nam a22005775i 4500 |
| 001 |
978-3-540-33895-6 |
| 003 |
DE-He213 |
| 005 |
20151204171929.0 |
| 007 |
cr nn 008mamaa |
| 008 |
100301s2006 gw | s |||| 0|eng d |
| 020 |
|
|
|a 9783540338956
|9 978-3-540-33895-6
|
| 024 |
7 |
|
|a 10.1007/11748625
|2 doi
|
| 040 |
|
|
|d GrThAP
|
| 050 |
|
4 |
|a TK7885-7895
|
| 072 |
|
7 |
|a UY
|2 bicssc
|
| 072 |
|
7 |
|a COM059000
|2 bisacsh
|
| 082 |
0 |
4 |
|a 621.39
|2 23
|
| 245 |
1 |
0 |
|a Pervasive Computing
|h [electronic resource] :
|b 4th International Conference, PERVASIVE 2006, Dublin, Ireland, May 7-10, 2006. Proceedings /
|c edited by Kenneth P. Fishkin, Bernt Schiele, Paddy Nixon, Aaron Quigley.
|
| 264 |
|
1 |
|a Berlin, Heidelberg :
|b Springer Berlin Heidelberg,
|c 2006.
|
| 300 |
|
|
|a XVI, 404 p.
|b online resource.
|
| 336 |
|
|
|a text
|b txt
|2 rdacontent
|
| 337 |
|
|
|a computer
|b c
|2 rdamedia
|
| 338 |
|
|
|a online resource
|b cr
|2 rdacarrier
|
| 347 |
|
|
|a text file
|b PDF
|2 rda
|
| 490 |
1 |
|
|a Lecture Notes in Computer Science,
|x 0302-9743 ;
|v 3968
|
| 505 |
0 |
|
|a A Practical Approach to Recognizing Physical Activities -- Building Reliable Activity Models Using Hierarchical Shrinkage and Mined Ontology -- “Need to Know”: Examining Information Need in Location Discourse -- Collaborative Localization: Enhancing WiFi-Based Position Estimation with Neighborhood Links in Clusters -- Risks of Using AP Locations Discovered Through War Driving -- Declarative Support for Sensor Data Cleaning -- Detecting and Interpreting Muscle Activity with Wearable Force Sensors -- The Design of a Portable Kit of Wireless Sensors for Naturalistic Data Collection -- The Smart Tachograph – Individual Accounting of Traffic Costs and Its Implications -- Domino: Exploring Mobile Collaborative Software Adaptation -- Keep Your Eyes on the Road and Your Finger on the Trigger – Designing for Mixed Focus of Attention in a Mobile Game for Brief Encounters -- Unobtrusive Multimodal Biometrics for Ensuring Privacy and Information Security with Personal Devices -- LoKey: Leveraging the SMS Network in Decentralized, End-to-End Trust Establishment -- Scalability in a Secure Distributed Proof System -- Secure Mobile Computing Via Public Terminals -- iCAP: Interactive Prototyping of Context-Aware Applications -- iCam: Precise at-a-Distance Interaction in the Physical Environment -- Gesture Signature for Ambient Intelligence Applications: A Feasibility Study -- Exploring the Effects of Target Location Size and Position System Accuracy on Location Based Applications -- Displays in the Wild: Understanding the Dynamics and Evolution of a Display Ecology -- Modeling Human Behavior from Simple Sensors in the Home -- Using a Live-In Laboratory for Ubiquitous Computing Research -- The Diet-Aware Dining Table: Observing Dietary Behaviors over a Tabletop Surface -- Lessons for the Future: Experiences with the Installation and Use of Today’s Domestic Sensors and Technologies.
|
| 650 |
|
0 |
|a Computer science.
|
| 650 |
|
0 |
|a Computer communication systems.
|
| 650 |
|
0 |
|a Special purpose computers.
|
| 650 |
|
0 |
|a Operating systems (Computers).
|
| 650 |
|
0 |
|a Information storage and retrieval.
|
| 650 |
|
0 |
|a Computer engineering.
|
| 650 |
1 |
4 |
|a Computer Science.
|
| 650 |
2 |
4 |
|a Computer Engineering.
|
| 650 |
2 |
4 |
|a Computer Communication Networks.
|
| 650 |
2 |
4 |
|a Special Purpose and Application-Based Systems.
|
| 650 |
2 |
4 |
|a Operating Systems.
|
| 650 |
2 |
4 |
|a Information Systems Applications (incl. Internet).
|
| 650 |
2 |
4 |
|a Information Storage and Retrieval.
|
| 700 |
1 |
|
|a Fishkin, Kenneth P.
|e editor.
|
| 700 |
1 |
|
|a Schiele, Bernt.
|e editor.
|
| 700 |
1 |
|
|a Nixon, Paddy.
|e editor.
|
| 700 |
1 |
|
|a Quigley, Aaron.
|e editor.
|
| 710 |
2 |
|
|a SpringerLink (Online service)
|
| 773 |
0 |
|
|t Springer eBooks
|
| 776 |
0 |
8 |
|i Printed edition:
|z 9783540338949
|
| 830 |
|
0 |
|a Lecture Notes in Computer Science,
|x 0302-9743 ;
|v 3968
|
| 856 |
4 |
0 |
|u http://dx.doi.org/10.1007/11748625
|z Full Text via HEAL-Link
|
| 912 |
|
|
|a ZDB-2-SCS
|
| 912 |
|
|
|a ZDB-2-LNC
|
| 950 |
|
|
|a Computer Science (Springer-11645)
|